LEADER 01057nam a2200253 4500 001 000000342505 003 CaOOAMICUS 005 20201014104509.0 008 201008s2020 it a 000 u ita r 040 $aSeMil$bita 100 1 $aDe Antonellis, Giacomo.$0(OLS)http://semarc/name/20754 245 10$aLangobardia Maior e Minor :$buno sguardo all'Italia medioevale /$cGiacomo de Antonellis. 250 $aEd. f. c. 264 1$aMilano :$bCentro Culturale Antonianum,$c2020. 300 $a134 p. :$bill. ;$c21 cm 500 $aSupplemento al n. 58 di Antonianum notizie 541 0 $aFondo mons. Mario Delpini 650 4$aItalia - Storia - Medioevo.$0(OLS)http://semarc/subject/6421 850 $aSeMil 852 $aSeMil$W1$xVenegono$y1$m3T II 34$j221957$B233441$CSeMilBibl$Z2$F233441 $81 941 1 $a7 996 $6245$aLangobardia Maior e Minor :$buno sguardo all'Italia medioevale$9(OLS)http://semarc/title/431340 996 $6264$aMilano :$bCentro Culturale Antonianum$9(OLS)http://semarc/publisher/58256 LEADER 01214nam a2200277 i 4500 001 000000118171 003 CaOOAMICUS 005 20030923000000.0 008 030923n it u000 u ita u 013 $a90864 040 $aSeMil$bita 100 1 $aReul, Augusto.$0(OLS)http://semarc/name/49315 245 10$aBanneux :$bla Vergine dei poveri /$cAugusto Reul ; traduzione in italiano a cura di Marcella Petrei, Jacqueline Picciotto, padre Luigi Testa. 260 $aCité du Vatican :$b[s.n.],$c[1998] 300 $a79 p. :$briccamente ill. ;$c21 cm. 500 $aFondo Card. C.M. Martini. 650 4$aMadonna - Apparizioni - Banneux .$0(OLS)http://semarc/subject/21982 700 1 $aTesta, Luigi.$0(OLS)http://semarc/name/49318 700 1 $aPicciotto, Jacqueline.$0(OLS)http://semarc/name/49317 700 1 $aPetrei, Marcella.$0(OLS)http://semarc/name/49316 850 $aSeMil 852 $aSeMil$W1$xVenegono$y1$m2L I 89$j73492$B73492$CSeMilBibl$Z2$F102978 $81 941 1 $a4 961 $aOmaggio: Martini Card. Carlo Maria 996 $6245$aBanneux :$bla Vergine dei poveri$9(OLS)http://semarc/title/173578 996 $6260$aCité du Vatican :$b[s.n.]$9(OLS)http://semarc/publisher/31092